Belt and Road Initiative Trends in the European Union and Iran

Iniciatíva Belt and Road Initiative (BRI) vedená pod záštitou Číny, ktorá sľubuje vytvorenie svetového obchodného poriadku a dopravných a logistických sietí medzi Áziou a Európou. Súčasné trendy BRI v EÚ a Iráne. Analýza prítomnosti čínskych investícií BRI v krajinách EÚ zapojených do projektu BRI....

Descrizione completa

Salvato in:
Dettagli Bibliografici
Autore principale: Borovská, Zuzana
Natura: Capitolo di libro
Lingua:inglese
Soggetti:
Tags: Aggiungi Tag
Nessun Tag, puoi essere il primo ad aggiungerne!!

MARC

LEADER 00000naa a2200000 4500
001 0273424
005 20240502074317.3
041 0 |a eng 
044 |a SK 
245 1 0 |a Belt and Road Initiative Trends in the European Union and Iran  |c Zuzana Borovská 
520 |a Iniciatíva Belt and Road Initiative (BRI) vedená pod záštitou Číny, ktorá sľubuje vytvorenie svetového obchodného poriadku a dopravných a logistických sietí medzi Áziou a Európou. Súčasné trendy BRI v EÚ a Iráne. Analýza prítomnosti čínskych investícií BRI v krajinách EÚ zapojených do projektu BRI. Väčšina čínskych investícií BRI je sústredená v Taliansku, Luxembursku a Portugalsku. Prítomnosť čínskeho kapitálu v EÚ obzvlášť zrejmá v energetickom sektore, doprave a vo finančnom sektore. 
610 2 0 |a Čína 
610 2 0 |a Európska únia 
610 2 0 |a Irán 
610 2 0 |a siete dopravné 
610 2 0 |a hospodárstvo svetové 
100 1 |a Borovská, Zuzana